ბათუმის შოთა რუსთაველის სახელმწიფო უნივერსიტეტის ბიბლიოთეკა

XX საუკუნის იტალიური ფილოსოფია = Twentieth-century italian philosophy : მოკლე გადმოცემა და კრიტიკული შეფასება / (ბიბ.ჩანაწერი № 58323)

000 -ლიდერი
ფიქსირებული სიგრძის საკონტროლო ველი 01974nam a22002537a 4500
003 - საკონტროლო ნომრის იდენტიფიკატორი
საკონტროლო ველი Ge_BSU
005 - ბოლო ოპერაციის თარიღი და დრო
საკონტროლო ველი 20211108111154.0
008 - ფიქსირებული სიგრძის მონაცემთა ელემენტები - ზოგადი ინფორმაცია
ფიქსირებული სიგრძის საკონტროლო ველი 211104s2020 ge ||||| |||| 00| 0 geo d
020 ## - წიგნის საერთაშორისო სტანდარტული ნომერი
International Standard Book Number 9789941828997
041 ## - ენის კოდი
Language code of text/sound track or separate title geo
080 ## - უნივერსალური ათობითი კლასიფიკაციის ინდექსი
Universal Decimal Classification number 1 რ-60
100 ## - მთავარი ჩანაწერი - პიროვნების სახელი
Personal name რინალდი, ჯაკომო
9 (RLIN) 12822
245 ## - ცნობა სათაურის შესახებ
Title XX საუკუნის იტალიური ფილოსოფია = Twentieth-century italian philosophy : მოკლე გადმოცემა და კრიტიკული შეფასება /
Statement of responsibility, etc ჯაკომო რინალდი ; ინგლისურიდან თარგმნეს გიორგი ჭანიძემ და რუსუდან ზოიძემ ; რედაქტორი თენგიზ ირემაძე ; ახალი საქართველოს უნივერსიტეტი, კავკასიური ფილოსოფიისა და თეოლოგიის სამეცნიერო-კვლევითი არქივი.
250 ## - გამოცემის ცნობა
Edition statement პირველი გამოცემა
264 ## - წარმოების, გამოცემის, დისტრიბუციის და სხვა ცნობები
გამოცემის, წარმოების, დისტრიბუციის... ადგილი თბილისი,
გამოცემის, წარმოების, დისტრიბუციის... თარიღი 2020.
გამოცემის, წარმოების, დისტრიბუციის... სახელწოდება "ფავორიტი სტილში",
300 ## - ფიზიკური აღწერა
Extent 100 გვ. ;
Other physical details 17 სმ.
500 ## - ზოგადი შენიშვნა
General note საძიებლები: გვ. 85-94.
653 ## - INDEX TERM--UNCONTROLLED
Uncontrolled term ფილოსოფია
700 ## - ADDED ENTRY--PERSONAL NAME
Personal name ჭანიძე, გიორგი
Relator term მთარგმნელი
9 (RLIN) 12823
700 ## - ADDED ENTRY--PERSONAL NAME
Personal name ზოიძე, რუსუდან
Relator term რედაქტორი.
9 (RLIN) 12824
700 ## - ADDED ENTRY--PERSONAL NAME
Personal name ირემაძე, თენგიზ
Relator term რედაქტორი.
9 (RLIN) 2229
710 ## - ADDED ENTRY--CORPORATE NAME
Corporate name or jurisdiction name as entry element ახალი საქართველოს უნივერსიტეტი.
Subordinate unit კავკასიური ფილოსოფიისა და თეოლოგიის სამეცნიერო-კვლევითი არქივი.
9 (RLIN) 12825
942 ## - ADDED ENTRY ELEMENTS (KOHA)
Source of classification or shelving scheme
Koha item type წიგნი
ეგზემპლარები
ჩამოწერის სტატუსი დაკარგული ეგზემპლარის სტატუსი კლასიფიკაციის წყარო ან თაროზე გაწყობის სქემა დაზიანების სტატუსი არ გაიცემა მუდმივი მდებარეობა (დაცვის ადგილი) ამჟამინდელი ადგილსამყოფელი თაროზე განთავსების ადგილი შეძენის თარიღი ღირებულება, შესყიდვის ნორმალური ფასი სრული შენახვის შიფრი შტრიხკოდი ბოლო ოპერაციის თარიღი ეგზემპლარის მიმდევრობითი ნომერი (კეტერი?) ფასის ძალაში შესვლის თარიღი ეგზემპლარის სახეობა საჯარო შენიშვნა
          ბათუმის შოთა რუსთაველის სახელმწიფო უნივერსიტეტის მთავარი ბიბლიოთეკა ბათუმის შოთა რუსთაველის სახელმწიფო უნივერსიტეტის მთავარი ბიბლიოთეკა წიგნსაცავი 2021-11-04 10.00 1 რ-60 61912 2021-11-04 61912 2021-11-04 წიგნი 10 ლ.